SHREK - Shr-experts ONLY!! - Statistics

General Stats
  • This quiz has been taken 549 times
  • The average score is 7 of 25
Answer Stats
Hint! .. Answer % Correct
Who plays Donkey? . Eddie Murphy
95%
Who plays Shrek? .. Mike Myers
86%
What type of underwear is Pinocchio wearing in Shrek 2? . A thong
69%
According to the song lyrics, what do you need to wipe when you enter Dulock? . Face
52%
Complete the quote from the gingerbread man: 'Not my ...' .. gumdrop buttons
51%
What is the town where Lord Farquaad lives? . Duloc
50%
Who kisses Shrek on the beach at the start of Shrek 2? . A mermaid
44%
What song do Puss in Boots and Donkey perform together at the end of Shrek 2? . Livin' La Vida Loca
37%
What type of flower was Donkey told to collect in Shrek 1? . A blue flower, red thorns
36%
What song is played at King Harold's funeral? . Live and let die
35%
In Shrek 1, what does Donkey think is nice? . A Boulder
31%
What does Prince Charming receive when he orders his fast food? . An axe
29%
What is Princess Fionas 'token' in Shrek 1? . A Handkerchief
19%
What song plays when the princesses attack the castle in Shrek 3? . The Immigrant Song
18%
What are Donkey and Dragon's children called? . Dronkeys
16%
Who sacrifices themselves so that Shrek can get into the castle to stop Fiona kissing FAKE SHREK? . Mongo
15%
On what TV show is Shrek arrested in Shrek 2? . Knights
12%
How much is Donkey almost sold for in Shrek 1? . 10 shillings
11%
What is the running time of Shrek 1? . 1 hour 31 minutes
3%
How does Donkey describe himself after drinking the magic potion? . I'm sexy!
3%
Who were the princess options presented by the mirror in Shrek 1? . Snow white, Cinderella and princess fiona
3%
What does Shrek find in Fiona's room in Shrek 2 which upsets him? . A secret diary
2%
What theme song does Reggie play when he goes freestyle with his trombone in Shrek 2? . Hawaii five-0
2%
What does Shrek mistake as soup? . Hand cleaning water
1%
According to Donkey, what does Shrek need to do before disrupting Fionas wedding? . Got to show a little tenderness
0%
No matching quizzes found
Score Distribution
Percent of People with Each Score
Percentile by Number Answered
Your Score History
You have not taken this quiz